Normal view
MARC view
- Boteros, Honna Jean G.
Entry Personal Name
001 - CONTROL NUMBER
- control field: 40682
003 - CONTROL NUMBER IDENTIFIER
- control field: OSt
005 - DATE AND TIME OF LATEST TRANSACTION
- control field: 20191121105648.0
008 - FIXED-LENGTH DATA ELEMENTS
- fixed length control field: 191121|| aca||aabn | a|a d
040 ## - CATALOGING SOURCE
- Original cataloging agency: OSt
- Transcribing agency: OSt
100 ## - HEADING--PERSONAL NAME
- Personal name: Boteros, Honna Jean G.
670 ## - SOURCE DATA FOUND
- Source citation: Work cat.: (OSt): Boteros, Honna Jean G., Behavioral Regulation Towards Physical Fitness of BPE Students/, July 2019
